Extrakcia bioaktívnych látok z kôry ihličnatých drevín pomocou hlbokoeutektických rozpúšťadiel

Guardado en:
Detalles Bibliográficos
Autor principal: Stašová, Mária (Autor)
Otros Autores: Ház, Aleš (Orientador)
Formato: Manuscrito Libro
Lenguaje:eslovaco
Publicado: 2025
Materias:
Acceso en línea:http://is.stuba.sk/zp/portal_zp.pl?podrobnosti=178363
Etiquetas: Agregar Etiqueta
Sin Etiquetas, Sea el primero en etiquetar este registro!

MARC

LEADER 00000ntm a22000003a 4500
001 stuzp104648
003 SK-STU
005 20250628211831.0
007 ta
008 150427s2015----xo-----f-mn---000-0-slo-d
040 |a STU  |b slo 
041 0 |a slo 
100 1 |a Stašová, Mária  |u 049380  |4 aut  |U FCHPT Ústav prírodných a syntetických polymérov  |T FCHPT Oddelenie dreva, celulózy a papiera  |X 122548  |U C9380  |Y 129  |7 122548 
242 0 1 |a Extraction of bioactive compounds from the bark of coniferous trees using deep eutectic solvents  |y eng 
245 1 0 |a Extrakcia bioaktívnych látok z kôry ihličnatých drevín pomocou hlbokoeutektických rozpúšťadiel 
260 |c 2025 
650 4 |a polyfenoly  |2 slo 
650 4 |a kôra  |2 slo 
650 4 |a hlbokoeutektické rozpúšťadlá  |2 slo 
650 4 |a extrakcia  |2 slo 
650 4 |a jedľa  |2 slo 
650 4 |a extraction  |2 eng 
650 4 |a fir tree  |2 eng 
650 4 |a bark  |2 eng 
650 4 |a polyphenols  |2 eng 
650 4 |a deep eutectic solvents  |2 eng 
700 1 |a Ház, Aleš  |u 049380  |k Z1  |4 ths  |U FCHPT Ústav prírodných a syntetických polymérov  |T FCHPT Oddelenie dreva, celulózy a papiera  |X 22008  |U C9380  |Y 129  |7 A000022008 
856 4 |u http://is.stuba.sk/zp/portal_zp.pl?podrobnosti=178363